<?xml version="1.0" encoding="UTF-8"?>
<collection xmlns="http://www.loc.gov/MARC21/slim">
 <record>
  <leader>00652pamaa2200181   4500</leader>
  <controlfield tag="001">0000041509</controlfield>
  <controlfield tag="005">20090115090000.0</controlfield>
  <datafield tag="020" ind1="0" ind2="0">
   <subfield code="a">007126048D (DVD) </subfield>
  </datafield>
  <datafield tag="090" ind1="0" ind2="0">
   <subfield code="a">HF5415.15 </subfield>
   <subfield code="b">CHA 2006</subfield>
  </datafield>
  <datafield tag="100" ind1="1" ind2="0">
   <subfield code="a">Chase </subfield>
  </datafield>
  <datafield tag="245" ind1="1" ind2="0">
   <subfield code="a">Student DVD-ROM : </subfield>
   <subfield code="b">Operations management for competitive advantage  </subfield>
   <subfield code="c">Richard B. Chase, Nicholas J. Aquilano and F. Robert Jacobs [</subfield>
   <subfield code="m">DVD].</subfield>
  </datafield>
  <datafield tag="250" ind1="0" ind2="0">
   <subfield code="a">11th ed.</subfield>
  </datafield>
  <datafield tag="260" ind1="0" ind2="0">
   <subfield code="a">Boston: </subfield>
   <subfield code="b">McGraw-Hill, </subfield>
   <subfield code="c">2006.</subfield>
  </datafield>
  <datafield tag="300" ind1=" " ind2=" ">
   <subfield code="a">1 DVD-ROM: </subfield>
   <subfield code="b">4.5 inc.</subfield>
  </datafield>
  <datafield tag="500" ind1="0" ind2="0">
   <subfield code="a">Accompany with tectbook titled &quot;operations management for competitive advantage&quot;</subfield>
  </datafield>
  <datafield tag="650" ind1="0" ind2="0">
   <subfield code="a">Production management </subfield>
  </datafield>
  <datafield tag="700" ind1="1" ind2="1">
   <subfield code="a">AQUILANO, </subfield>
   <subfield code="h">Nicholas J. </subfield>
  </datafield>
  <datafield tag="700" ind1="1" ind2="1">
   <subfield code="a">Jacobs, </subfield>
   <subfield code="h">F. Robert </subfield>
  </datafield>
 </record>
</collection>
